00193 a2200073 450000100060000010000120000624500540001826000470007259581 asimmons aGlobal environmental history 10,000 BC to AD 2000 aEdinburghbEdinburg University Pressc2008